000 00573cam a22002291 4500
001 sa 62001280
003 DLC
005 20260227111918.0
008 900102s1962 ii a 000 0 hino
010 _asa 62001280
035 _a(OCoLC)20837967
040 _aDLC
_cWaU
_dDLC
042 _apremarc
043 _aa-ii---
050 0 0 _aPK2031
_b.B6
100 1 _aBoṛā, Rāmacandra,
_d1923-
245 1 0 _aSāhitya kī paridhi.
260 _c[1962]
300 _a151 p.
_billus.
_c19 cm.
500 _aIn Hindi.
650 0 _aHindi literature
_xHistory and criticism.
999 _c53247
_d53247